[Event "51 CIS serie A1/2"]
[Site "Verona"]
[Date "2019.03.17"]
[Round "5.3"]
[White "Teutsch, Alexander"]
[Black "Quirico, Paolo"]
[Result "1/2-1/2"]
[WhiteElo "2148"]
[BlackElo "2071"]
[PlyCount "76"]
[EventDate "2019.03.14"]
[EventType "team"]
[EventRounds "5"]
[EventCountry "ITA"]
[WhiteTeam "U.S. Trentina"]
[BlackTeam "Acqui"]
[WhiteTeamCountry "ITA"]
[BlackTeamCountry "ITA"]

1. d4 e6 2. c4 f5 3. Nf3 Nf6 4. Nc3 d5 5. Bf4 c6 6. e3 Be7 7. Qc2 Ne4 8. Bd3
Nd7 9. h3 Ndf6 10. g4 Nxc3 11. bxc3 Ne4 12. Bxe4 fxe4 13. Ne5 Bd7 14. O-O O-O
15. Rab1 b5 16. c5 Bf6 17. Nxd7 Qxd7 18. f3 exf3 19. Rxf3 e5 20. Bh2 e4 21.
Rff1 Bg5 22. Qe2 Rxf1+ 23. Rxf1 Rf8 24. Rxf8+ Kxf8 25. Qf2+ Qf7 26. Qg3 Qe7 27.
Qb8+ Kf7 28. Bf4 Bxf4 29. Qxf4+ Qf6 30. Qc7+ Kg6 31. Qd7 h6 32. h4 Kh7 33. h5
Qh4 34. Qf5+ Kg8 35. Qe6+ Kh7 36. Qg6+ Kg8 37. Qe8+ Kh7 38. Qg6+ Kg8 1/2-1/2

[Event "51 CIS serie A1/2"]
[Site "Verona"]
[Date "2019.03.17"]
[Round "5.4"]
[White "Bisi, Samuele"]
[Black "Comai, Samuele"]
[Result "1-0"]
[WhiteElo "2080"]
[BlackElo "2002"]
[PlyCount "78"]
[EventDate "2019.03.14"]
[EventType "team"]
[EventRounds "5"]
[EventCountry "ITA"]
[WhiteTeam "Acqui"]
[BlackTeam "U.S. Trentina"]
[WhiteTeamCountry "ITA"]
[BlackTeamCountry "ITA"]

1. d4 Nf6 2. c4 e6 3. Nf3 d5 4. Nc3 Bb4 5. Bg5 h6 6. Bh4 c5 7. e3 Nc6 8. cxd5
exd5 9. dxc5 g5 10. Bg3 Qa5 11. Nd2 Qxc5 12. Rc1 Qe7 13. Nb3 Bg4 14. Be2 Bxe2
15. Qxe2 O-O 16. O-O Rfd8 17. Nb5 d4 18. a3 d3 19. Qf3 d2 20. Rcd1 Ba5 21. Nxa5
Nxa5 22. Nd4 Nc4 23. b3 Nxa3 24. Rxd2 Nb5 25. Nf5 Qe6 26. Nxh6+ Kh7 27. Rxd8
Rxd8 28. Qxb7 Nd6 29. Bxd6 Kxh6 30. Bc5 Rd7 31. Qf3 Ne4 32. Bf8+ Kg6 33. Rd1
Nd2 34. Qe2 Qxb3 35. Kh1 Qc3 36. h3 a5 37. Qa6+ f6 38. Qe6 Qc2 39. Qe8+ Kh7 1-0

[Event "51 CIS serie A1/2"]
[Site "Verona"]
[Date "2019.03.17"]
[Round "5.2"]
[White "Lostuzzi, Manlio"]
[Black "De Eccher, Stefano"]
[Result "1/2-1/2"]
[WhiteElo "2393"]
[BlackElo "2192"]
[PlyCount "82"]
[EventDate "2019.03.14"]
[EventType "team"]
[EventRounds "5"]
[EventCountry "ITA"]
[WhiteTeam "SST 1904 Triestina"]
[BlackTeam "CIB Unigas E. Canal Venezia A"]
[WhiteTeamCountry "ITA"]
[BlackTeamCountry "ITA"]

1. e4 e5 2. Nf3 Nc6 3. Nc3 Nf6 4. g3 Bc5 5. Nxe5 Nxe5 6. f4 Nc6 7. e5 Ng8 8.
Ne4 Be7 9. Qg4 g6 10. Qe2 d5 11. exd6 cxd6 12. b3 Kf8 13. Bb2 Nf6 14. Nf2 Be6
15. Bg2 d5 16. Nd3 Bg4 17. Qe3 d4 18. Qf2 Rc8 19. O-O Nb4 20. Nxb4 Bxb4 21. d3
Bc3 22. Bxc3 Rxc3 23. h3 Bc8 24. g4 Kg7 25. Rae1 Bxg4 26. hxg4 Nxg4 27. Qg3 Ne3
28. Rf2 Qc7 29. Ree2 f5 30. Qh4 Re8 31. Bf3 Rxc2 32. Rxc2 Nxc2 33. Rh2 h5 34.
Bxh5 Qe7 35. Qxe7+ Rxe7 36. Rxc2 gxh5 37. Rc4 Rd7 38. Kg2 Kf6 39. Kh3 Kg6 40.
Kh4 Kf6 41. Kh3 Ke6 1/2-1/2

[Event "51 CIS serie A1/2"]
[Site "Verona"]
[Date "2019.03.17"]
[Round "5.3"]
[White "Gallana, Marco"]
[Black "Bevilacqua, Andrea"]
[Result "1/2-1/2"]
[WhiteElo "2225"]
[BlackElo "2120"]
[PlyCount "95"]
[EventDate "2019.03.14"]
[EventType "team"]
[EventRounds "5"]
[EventCountry "ITA"]
[WhiteTeam "CIB Unigas E. Canal Venezia A"]
[BlackTeam "SST 1904 Triestina"]
[WhiteTeamCountry "ITA"]
[BlackTeamCountry "ITA"]

1. d4 d5 2. Nf3 Nf6 3. c4 e6 4. g3 c6 5. Bg2 Be7 6. O-O Ne4 7. Nfd2 Nxd2 8.
Nxd2 O-O 9. e4 b6 10. cxd5 cxd5 11. exd5 exd5 12. Nf3 Bb7 13. Bf4 Nc6 14. Rc1
Qd7 15. a3 f6 16. Qd3 Bd6 17. Bxd6 Qxd6 18. b4 Ne7 19. Rfe1 Rac8 20. Nd2 Qd7
21. Nf1 Rxc1 22. Rxc1 Rc8 23. Re1 Re8 24. h4 Bc6 25. Ne3 Rd8 26. Rc1 Bb5 27.
Qb3 Ba4 28. Qa2 Qd6 29. Rc3 g6 30. Qb1 Bd7 31. Qc1 Be6 32. h5 Kg7 33. Bf3 Qd7
34. Rc7 Rc8 35. Rxc8 Nxc8 36. Nxd5 Bxd5 37. h6+ Kf7 38. Bxd5+ Qxd5 39. Qxc8
Qxd4 40. Qb7+ Ke6 41. Qxh7 Qd1+ 42. Kg2 Qd5+ 43. f3 Qd2+ 44. Kh3 Kf5 45. Qh8
Qc1 46. Kg2 Qd2+ 47. Kh3 Qc1 48. Kg2 1/2-1/2

[Event "51 CIS serie A1/2"]
[Site "Verona"]
[Date "2019.03.17"]
[Round "5.4"]
[White "Riccobon, Elia"]
[Black "Moncher, Stefano"]
[Result "1/2-1/2"]
[WhiteElo "1911"]
[BlackElo "2241"]
[PlyCount "54"]
[EventDate "2019.03.14"]
[EventType "team"]
[EventRounds "5"]
[EventCountry "ITA"]
[WhiteTeam "SST 1904 Triestina"]
[BlackTeam "CIB Unigas E. Canal Venezia A"]
[WhiteTeamCountry "ITA"]
[BlackTeamCountry "ITA"]

1. e4 e6 2. d4 d5 3. exd5 exd5 4. Nf3 Bg4 5. h3 Bh5 6. Bd3 Nc6 7. Qe2+ Be7 8.
c3 Qd6 9. Be3 O-O-O 10. Nbd2 Nf6 11. O-O-O Rde8 12. g4 Bg6 13. Ng5 Ne4 14.
Ngxe4 dxe4 15. Bb5 a6 16. Ba4 b5 17. Nb3 Qd5 18. c4 bxc4 19. Nc5 Bxc5 20. dxc5
Qe6 21. Bxc6 Qxc6 22. Qxc4 Rd8 23. Rxd8+ Rxd8 24. Rd1 Rxd1+ 25. Kxd1 Qb5 26.
Qxb5 axb5 27. Kc2 Kd7 1/2-1/2

[Event "C.I.S. serie A2 girone 3"]
[Site "?"]
[Date "2019.03.15"]
[Round "1.1"]
[White "Luciani, Carlo"]
[Black "Paler, Adrian"]
[Result "1-0"]
[WhiteElo "2194"]
[BlackElo "2162"]
[PlyCount "83"]
[EventDate "2019.??.??"]
[WhiteTeam "Maniago 1"]
[BlackTeam "DLF Verona"]
[WhiteTeamCountry "ITA"]
[BlackTeamCountry "ITA"]

1. e4 c5 2. Nf3 d6 3. d4 cxd4 4. Nxd4 Nf6 5. Nc3 a6 6. h3 e6 7. g4 h6 8. Bg2
Qc7 9. h4 Nc6 10. g5 hxg5 11. hxg5 Rxh1+ 12. Bxh1 Nxd4 13. Qxd4 Ng4 14. f4 e5
15. Qg1 exf4 16. Bxf4 Be6 17. O-O-O O-O-O 18. Qa7 Qc5 19. Qxc5+ dxc5 20. Rxd8+
Kxd8 21. Nd5 Nf2 22. Bg2 Bh3 23. Bxh3 Nxh3 24. Be3 Be7 25. Nxe7 Kxe7 26. Kd2
Ke6 27. Kd3 Kd6 28. a3 f6 29. g6 b5 30. b4 c4+ 31. Kd4 Ng5 32. Bf4+ Ke6 33. Kc5
Nxe4+ 34. Kb6 Kd7 35. Kxa6 Kc6 36. Bh6 Nd6 37. Bxg7 Ne8 38. Bf8 f5 39. g7 Nf6
40. Be7 Ng8 41. Bg5 c3 42. Ka5 1-0

[Event "C.I.S. serie A2 girone 3"]
[Site "?"]
[Date "2019.03.15"]
[Round "1.3"]
[White "Fiorido, Giuseppe"]
[Black "Scotti, Mirko"]
[Result "1-0"]
[WhiteElo "2010"]
[BlackElo "2001"]
[PlyCount "83"]
[EventDate "2019.??.??"]
[WhiteTeam "Maniago 1"]
[BlackTeam "DLF Verona"]

1. e4 c6 2. d4 d5 3. exd5 cxd5 4. Bd3 Nc6 5. c3 Nf6 6. h3 g6 7. Nf3 Bg7 8. Qc2
O-O 9. O-O Qc7 10. Re1 Nh5 11. Be3 Bd7 12. Qd2 Rfe8 13. g4 Nf6 14. Bf4 Qb6 15.
Ne5 Be6 16. a4 Nd7 17. Nxc6 bxc6 18. a5 Qb7 19. b4 a6 20. Qe2 Nf8 21. Nd2 Bc8
22. Nb3 Ne6 23. Bg3 Qa7 24. Rab1 Nc7 25. Nc5 Nb5 26. Bxb5 cxb5 27. Qf3 Bb7 28.
Re2 Bc6 29. Rbe1 Rac8 30. Qd3 e6 31. Qf3 Ra8 32. Bh4 Qc7 33. Bf6 Qd6 34. g5 Bf8
35. h4 Ra7 36. Re5 Bg7 37. h5 gxh5 38. Qxh5 Qf8 39. R1e3 h6 40. Rg3 Kh7 41. g6+
Kg8 42. Bxg7 1-0

[Event "C.I.S. serie A2 girone 3"]
[Site "?"]
[Date "2019.03.15"]
[Round "1.4"]
[White "Gioga, Michele"]
[Black "Turrin, Osvaldo"]
[Result "0-1"]
[WhiteElo "1802"]
[BlackElo "1996"]
[PlyCount "104"]
[EventDate "2019.??.??"]
[WhiteTeam "DLF Verona"]
[BlackTeam "Maniago 1"]

1. e4 c6 2. d4 d5 3. exd5 cxd5 4. Nf3 Nc6 5. Bd3 Bg4 6. c3 Nf6 7. h3 Bh5 8.
Nbd2 e6 9. O-O Bd6 10. Qe1 Qc7 11. b3 O-O 12. Bb2 a6 13. Rc1 Bf4 14. g4 Bg6 15.
Bxg6 hxg6 16. Qd1 Qa5 17. Ra1 b5 18. a3 Rfe8 19. b4 Qb6 20. Nb3 Ne4 21. Nc5
Nxc5 22. bxc5 Qd8 23. Bc1 Bc7 24. Be3 Qe7 25. Re1 Rad8 26. Rb1 e5 27. Qc2 e4
28. Nh2 Qh4 29. Kg2 f5 30. Qd2 fxg4 31. Nxg4 Rd7 32. Bg5 Qh5 33. Be3 Rf8 34.
Rh1 Na5 35. Rbf1 Nc4 36. Qd1 Rf3 37. Qe2 Rdf7 38. Qd1 Nb2 39. Qe2 Nd3 40. Qd1
Qh4 41. Qe2 R7f4 42. Rfg1 Rf5 43. Kf1 Rxh3 44. Rxh3 Qxh3+ 45. Rg2 Rf3 46. Ne5
Bxe5 47. dxe5 Nxe5 48. a4 Nc4 49. Kg1 Nxe3 50. fxe3 Rxe3 51. Qd2 Rd3 52. Qg5
Rd1+ 0-1

[Event "C.I.S. serie A2 girone 3"]
[Site "?"]
[Date "2019.03.15"]
[Round "1.1"]
[White "De Poi, Paolo"]
[Black "Palma, Andrea"]
[Result "1/2-1/2"]
[WhiteElo "2172"]
[BlackElo "1915"]
[PlyCount "53"]
[EventDate "2019.??.??"]
[WhiteTeam "DLF Udine A"]
[BlackTeam "CUS Udine"]

1. e4 d5 2. exd5 Qxd5 3. Nc3 Qa5 4. Bc4 Nf6 5. d3 Bg4 6. Nge2 e6 7. f3 Bf5 8.
g4 Bg6 9. h4 h5 10. g5 Nd5 11. Bd2 Nxc3 12. Bxc3 Bb4 13. Qd2 Bxc3 14. Qxc3
Qxc3+ 15. Nxc3 a6 16. Kf2 Nc6 17. Ne2 O-O-O 18. Bb3 Nd4 19. Nf4 Bf5 20. Rae1 g6
21. Ne2 Nxe2 22. Rxe2 Rd6 23. Kg3 Rhd8 24. Re5 b6 25. a4 a5 $11 26. Bc4 Kd7 27.
Rhe1 1/2-1/2

[Event "C.I.S. serie A2 girone 3"]
[Site "?"]
[Date "2019.03.15"]
[Round "1.2"]
[White "Willis, Daniel"]
[Black "Tonon, Alessandro"]
[Result "1/2-1/2"]
[WhiteElo "1760"]
[BlackElo "2174"]
[PlyCount "105"]
[EventDate "2019.??.??"]
[WhiteTeam "CUS Udine"]
[BlackTeam "DLF Udine A"]

1. d4 Nf6 2. c4 e6 3. Nc3 Bb4 4. a3 Bxc3+ 5. bxc3 c5 6. Nf3 O-O 7. e3 Nc6 8.
Bd3 d6 9. O-O e5 10. Be2 Re8 11. Re1 Bf5 12. Bf1 Qa5 13. Bb2 Rad8 14. Nh4 Bd7
15. Qb3 Ne7 16. e4 Ba4 17. Qa2 Qb6 18. Bc1 Qc7 19. d5 h6 20. Qe2 Bd7 21. h3 g5
22. Nf3 Nh7 23. Nh2 Qc8 24. Rb1 b6 25. Rd1 Ng6 26. Rd3 Nf4 27. Bxf4 exf4 28. g3
f5 29. gxf4 Rxe4 30. Qh5 Rxf4 31. Qg6+ Kh8 32. Qxd6 Re8 33. Qxh6 Qd8 34. Re3
Rxe3 35. fxe3 Rh4 36. Qd6 Qe8 37. Re1 Kg7 38. Nf3 Re4 39. Kf2 Re7 40. Qc7 g4
41. Nd2 Re5 42. hxg4 fxg4 43. Bg2 g3+ 44. Kg1 Nf6 45. Nf3 Rxe3 46. Qxg3+ Kf8
47. Rxe3 Qxe3+ 48. Qf2 Qxc3 49. Bf1 Ne4 50. Qe2 Bf5 51. Qd3 Qg7+ 52. Bg2 Qg3
53. Qf1 1/2-1/2

[Event "C.I.S. serie A2 girone 3"]
[Site "?"]
[Date "2019.03.15"]
[Round "1.3"]
[White "Rossi, Paolo"]
[Black "Azzola, Armando"]
[Result "1-0"]
[WhiteElo "1982"]
[BlackElo "1718"]
[PlyCount "65"]
[EventDate "2019.??.??"]
[WhiteTeam "DLF Udine A"]
[BlackTeam "CUS Udine"]

1. e4 e5 2. Nf3 Nc6 3. Bb5 g6 4. c3 Bg7 5. d3 Nge7 6. Nbd2 O-O 7. Nc4 a6 8.
Bxc6 Nxc6 9. Qc2 b5 10. Ne3 Ne7 11. Bd2 d5 12. h3 Bb7 13. O-O-O d4 14. Ng4 Qd6
15. Bh6 Bxh6+ 16. Nxh6+ Kg7 17. Qd2 f5 18. Rhe1 c5 19. Nh4 f4 20. Ng4 h5 21.
Nh2 Bc8 22. N4f3 Qf6 23. Rg1 h4 24. g3 hxg3 25. fxg3 dxc3 26. bxc3 Bxh3 27.
gxf4 Qxf4 28. Rg5 Nc6 29. Rdg1 Rf6 30. Qxf4 exf4 31. Rxc5 b4 32. e5 Re6 33. Ng5
1-0

[Event "C.I.S. serie A2 girone 3"]
[Site "?"]
[Date "2019.03.15"]
[Round "1.4"]
[White "Giraldi, Edoardo"]
[Black "Capraro, Fabio"]
[Result "0-1"]
[WhiteElo "1651"]
[BlackElo "1965"]
[PlyCount "32"]
[EventDate "2019.??.??"]
[WhiteTeam "Montebelluna A2"]
[BlackTeam "Valbelluna"]

1. e4 c5 2. Nf3 Nc6 3. d4 cxd4 4. Nxd4 Nf6 5. Nc3 d6 6. f3 e5 7. Nb3 Be7 8. Bc4
O-O 9. Nd5 Nxd5 10. Bxd5 Qb6 11. Qe2 Nb4 12. c4 Bd7 13. Be3 Qxe3 14. Qxe3 Nc2+
15. Ke2 Nxe3 16. Kxe3 Rab8 {0-1 Forfait} 0-1

[Event "C.I.S. serie A2 girone 3"]
[Site "?"]
[Date "2019.03.16"]
[Round "2.1"]
[White "Paler, Adrian"]
[Black "Zamengo, Bruno"]
[Result "1-0"]
[WhiteElo "2162"]
[BlackElo "1898"]
[PlyCount "113"]
[EventDate "2019.??.??"]
[WhiteTeam "DLF Verona"]
[BlackTeam "Montebelluna A2"]

1. e4 e6 2. d4 d5 3. Nd2 Nf6 4. e5 Nfd7 5. Bd3 c5 6. c3 Nc6 7. Ne2 cxd4 8. cxd4
f6 9. exf6 Nxf6 10. O-O Bd6 11. Nf3 Qc7 12. Bg5 O-O 13. Rc1 Ng4 14. Ng3 g6 15.
Bd2 Qg7 16. Be2 Bd7 17. Qb3 Rab8 18. Qd3 Rbe8 19. a3 Nh6 20. Rce1 Nf5 21. Nxf5
gxf5 22. Kh1 Kh8 23. Rg1 Rg8 24. Ng5 Qf6 25. f4 Re7 26. Ref1 Rg6 27. Rf3 h6 28.
Rh3 Kg8 29. Nf3 Kf8 30. Ne5 Rg8 31. Bh5 Be8 32. b4 Bxh5 33. Rxh5 Reg7 34. b5
Nd8 35. Qh3 Rh8 36. Rc1 Ke8 37. Be1 Bxe5 38. dxe5 Qg6 39. Ba5 b6 40. Bb4 Rhh7
41. Bd6 Qg4 42. Qxg4 Rxg4 43. g3 Rgg7 44. Rc8 Rd7 45. h3 Kf7 46. Kg2 Kg6 47. g4
fxg4 48. hxg4 Rhf7 49. Kg3 Rg7 50. Rh1 Nb7 51. Re8 Nxd6 52. Rxe6+ Kf7 53. Rxd6
Rxd6 54. exd6 Rg6 55. Rc1 Rxd6 56. Rc7+ Ke6 57. Rh7 1-0

[Event "C.I.S. serie A2 girone 3"]
[Site "?"]
[Date "2019.03.16"]
[Round "2.3"]
[White "Gioga, Michele"]
[Black "Gaudiosi, Andrea"]
[Result "1-0"]
[WhiteElo "1802"]
[BlackElo "1650"]
[PlyCount "59"]
[EventDate "2019.??.??"]
[WhiteTeam "DLF Verona"]
[BlackTeam "Montebelluna A2"]

1. e4 c6 2. d4 d5 3. exd5 cxd5 4. Bd3 Nf6 5. c3 Nc6 6. Bf4 e6 7. Nf3 Bd6 8.
Bxd6 Qxd6 9. O-O O-O 10. Re1 Ne8 11. Nbd2 f5 12. Ne5 Nxe5 13. dxe5 Qd7 14. Qe2
a6 15. c4 Nc7 16. Rac1 b6 17. Nf3 Bb7 18. Qe3 b5 19. cxb5 Nxb5 20. Qb6 Rfb8 21.
Bxb5 axb5 22. Rc7 Bc6 23. Qxc6 Qxc6 24. Rxc6 Rxa2 25. Rxe6 Rxb2 26. Rd6 Re8 27.
e6 g5 28. Nxg5 b4 29. g3 b3 30. e7 1-0

[Event "C.I.S. serie A2 girone 3"]
[Site "?"]
[Date "2019.03.16"]
[Round "2.4"]
[White "Giraldi, Edoardo"]
[Black "Garista, Eugenio"]
[Result "0-1"]
[WhiteElo "1651"]
[BlackElo "1939"]
[PlyCount "68"]
[EventDate "2019.??.??"]
[WhiteTeam "Montebelluna A2"]
[BlackTeam "DLF Verona"]

1. e4 c5 2. Nf3 Nc6 3. d4 cxd4 4. Nxd4 Nf6 5. Nc3 e5 6. Nb3 Bb4 7. Bd3 d5 8.
O-O Bxc3 9. bxc3 dxe4 10. Bb5 Bg4 11. Qxd8+ Rxd8 12. Nc5 Bc8 13. Bg5 Rd5 14.
Be3 O-O 15. h3 a6 16. Bxc6 bxc6 17. Rab1 h5 18. Rb6 Rd6 19. Rfb1 Nd5 20. Nxe4
Rg6 21. Rb8 Nxe3 22. fxe3 Bxh3 23. Rxf8+ Kxf8 24. Rb8+ Ke7 25. g3 h4 26. Kh2
Bf5 27. Rb7+ Kd8 28. Nc5 hxg3+ 29. Kg2 Bh3+ 30. Kg1 Rf6 31. Rb8+ Kc7 32. Nxa6+
Kd6 33. Rd8+ Ke7 34. Rd1 g2 0-1

[Event "C.I.S. serie A2 girone 3"]
[Site "?"]
[Date "2019.03.16"]
[Round "2.1"]
[White "Palma, Andrea"]
[Black "Cardarelli, Angelo"]
[Result "1/2-1/2"]
[WhiteElo "1915"]
[BlackElo "1974"]
[PlyCount "85"]
[EventDate "2019.??.??"]
[WhiteTeam "CUS Udine"]
[BlackTeam "Valbelluna"]

1. Nf3 c5 2. c4 Nc6 3. g3 g6 4. Bg2 Bg7 5. Nc3 e6 6. O-O Nge7 7. a3 O-O 8. Rb1
d5 9. d3 b6 10. Qc2 Bb7 11. cxd5 exd5 12. e4 Rc8 13. Bh3 Nd4 14. Qd1 Ne6 15.
Ng5 Qd7 16. Qg4 f5 17. Qh4 Nxg5 18. Bxg5 Rce8 19. Rfe1 d4 20. Ne2 Nc6 21. f4
Ba6 22. Rbd1 c4 23. dxc4 Rxe4 24. Bg2 Re3 25. Bd5+ Kh8 26. Kf2 Rb3 27. Rd2 d3
28. Nc1 Rxb2 29. Rxb2 Bxb2 30. Nxd3 Bd4+ 31. Kg2 h5 32. Ne5 Nxe5 33. Bf6+ Kh7
34. fxe5 Bxc4 35. Bxc4 Qc6+ 36. Kh3 Qxc4 37. Rd1 f4 38. Qxf4 Qe6+ 39. Kg2 Bxe5
40. Qxe5 Rxf6 41. Qxe6 Rxe6 42. Rd7+ Kh6 43. Rxa7 1/2-1/2

[Event "C.I.S. serie A2 girone 3"]
[Site "?"]
[Date "2019.03.16"]
[Round "2.2"]
[White "Cortina, Federico"]
[Black "Willis, Daniel"]
[Result "1/2-1/2"]
[WhiteElo "2080"]
[BlackElo "1760"]
[PlyCount "86"]
[EventDate "2019.03.16"]
[WhiteTeam "Valbelluna"]
[BlackTeam "CUS Udine"]

1. d4 d5 2. c4 e6 3. Nf3 Nf6 4. g3 c6 5. Bg2 Bd6 6. O-O O-O 7. Nc3 Nbd7 8. Qd3
dxc4 9. Qxc4 e5 10. Rd1 exd4 11. Nxd4 Ne5 12. Qb3 Qc7 13. Ncb5 cxb5 14. Nxb5
Be6 15. Qe3 Nfg4 16. Qf4 Qc5 17. Nxd6 Rfd8 18. Be3 Nxe3 19. Qxe3 Qxe3 20. fxe3
Rab8 21. Nxb7 Rxd1+ 22. Rxd1 g6 23. b3 Ng4 24. Rd8+ Rxd8 25. Nxd8 Nxe3 26. Nxe6
fxe6 27. Be4 Kf7 28. b4 Kf6 29. b5 Ke5 30. Bd3 Kd4 31. a4 Nd5 32. Kf2 Nc3 33.
a5 Kc5 34. Ke3 Nxb5 35. Ke4 Nd4 36. Ke5 Nc6+ 37. Kxe6 Nxa5 38. e4 Kd4 39. Bc2
Nc6 40. Kf6 Ne5 41. h4 h5 42. Kg5 Ke3 43. Kf6 Kd4 1/2-1/2

[Event "C.I.S. serie A2 girone 3"]
[Site "?"]
[Date "2019.03.16"]
[Round "2.3"]
[White "Azzola, Armando"]
[Black "Buzzatti, Francesco"]
[Result "0-1"]
[WhiteElo "1718"]
[BlackElo "1916"]
[PlyCount "72"]
[EventDate "2019.03.16"]
[WhiteTeam "CUS Udine"]
[BlackTeam "Valbelluna"]

1. e4 c5 2. c3 d6 3. d4 cxd4 4. cxd4 g6 5. Nf3 Bg7 6. Bc4 Nf6 7. Nc3 O-O 8. O-O
Qc7 9. Bb3 a6 10. Be3 Bg4 11. Rc1 Qd8 12. h3 Bxf3 13. Qxf3 Nc6 14. a3 Rc8 15.
Qe2 b5 16. Rfd1 Nd7 17. Qd2 Nb6 18. Nd5 Nxd5 19. Bxd5 Qd7 20. Rc2 e6 21. Bb3
Ne7 22. Rxc8 Rxc8 23. d5 exd5 24. Bxd5 Nxd5 25. Qxd5 Bxb2 26. Qxd6 Qxd6 27.
Rxd6 a5 28. Rd5 b4 29. axb4 axb4 30. Rb5 Bc3 31. Kf1 Ra8 32. Ke2 Ra2+ 33. Kd3
Kg7 34. g4 Be1 35. g5 Bxf2 36. Rxb4 Ra3+ 0-1

[Event "C.I.S. serie A2 girone 3"]
[Site "?"]
[Date "2019.03.16"]
[Round "2.1"]
[White "Luciani, Carlo"]
[Black "De Poi, Paolo"]
[Result "0-1"]
[WhiteElo "2194"]
[BlackElo "2172"]
[PlyCount "120"]
[EventDate "2019.??.??"]
[WhiteTeam "Maniago 1"]
[BlackTeam "DLF Udine A"]
[WhiteTeamCountry "ITA"]
[BlackTeamCountry "ITA"]

1. e4 c5 2. Nf3 d6 3. d4 cxd4 4. Nxd4 Nf6 5. Nc3 g6 6. h3 Bg7 7. g4 Nc6 8. Be3
O-O 9. Bg2 Nxd4 10. Bxd4 Be6 11. O-O Nd7 12. Bxg7 Kxg7 13. b3 f6 14. Ne2 Qb6
15. Nf4 Bf7 16. Nd5 Bxd5 17. Qxd5 Ne5 18. Rfd1 Rac8 19. c4 g5 20. Qd4 Qxd4 21.
Rxd4 Rh8 22. Rd5 h5 23. Rb5 Rc7 24. f3 Kf7 25. Rd1 Ke6 26. Rdd5 hxg4 27. hxg4
Rhc8 28. Rd1 Ng6 29. Rbd5 Nf4 30. R5d2 Rh8 31. Bf1 Rcc8 32. Rh2 Rxh2 33. Kxh2
b6 34. Kg1 Kd7 35. Rd2 Rh8 36. b4 Kc6 37. Rb2 Ra8 38. Rh2 a5 39. b5+ Kc5 40. a3
Kd4 41. Rh7 Re8 42. Kf2 Kc3 43. Ke3 a4 44. Rh2 Ng6 45. Bd3 Ne5 46. Rc2+ Kb3 47.
Rc1 Rh8 48. Be2 Rh2 49. Rb1+ Ka2 50. Re1 Kxa3 51. Ra1+ Kb4 52. Rb1+ Kc5 53. Ra1
Kb4 54. Rb1+ Ka5 55. Ra1 Nd7 56. Bd1 Nc5 57. Kd4 Kb4 58. Kd5 a3 59. Kc6 a2 60.
Kxb6 Ka3 0-1

[Event "C.I.S. serie A2 girone 3"]
[Site "?"]
[Date "2019.03.16"]
[Round "2.2"]
[White "Tonon, Alessandro"]
[Black "Tamai, Roberto"]
[Result "1/2-1/2"]
[WhiteElo "2174"]
[BlackElo "2188"]
[PlyCount "55"]
[EventDate "2019.??.??"]
[WhiteTeam "DLF Udine A"]
[BlackTeam "Maniago 1"]

1. d4 Nf6 2. c4 e6 3. g3 d5 4. Nf3 c6 5. Bg2 Nbd7 6. Nbd2 Be7 7. O-O b6 8. b3
Bb7 9. Bb2 O-O 10. Qc2 Qc7 11. Rac1 Rac8 12. Rfe1 Rfe8 13. Ne5 c5 14. cxd5 exd5
15. Bh3 Rcd8 16. Ndf3 Bd6 17. Bxd7 Nxd7 18. Nxf7 Kxf7 19. Ng5+ Kf8 20. Qxh7 Nf6
21. Qh8+ Ng8 22. dxc5 Be5 23. cxb6 Qxb6 24. Ba3+ Bd6 25. Nh7+ Kf7 26. Ng5+ Kf8
27. Nh7+ Kf7 28. Ng5+ 1/2-1/2

[Event "C.I.S. serie A2 girone 3"]
[Site "?"]
[Date "2019.03.16"]
[Round "2.3"]
[White "Fiorido, Giuseppe"]
[Black "Rossi, Paolo"]
[Result "1-0"]
[WhiteElo "2010"]
[BlackElo "1982"]
[PlyCount "61"]
[EventDate "2019.??.??"]
[WhiteTeam "Maniago 1"]
[BlackTeam "DLF Udine A"]

1. e4 e5 2. Nf3 Nc6 3. Bb5 a6 4. Bxc6 dxc6 5. O-O Bg4 6. h3 h5 7. d3 Qf6 8.
Nbd2 Bc5 9. Nc4 Bxf3 10. Qxf3 Qxf3 11. gxf3 f6 12. f4 exf4 13. Bxf4 O-O-O 14.
Be3 Bxe3 15. Nxe3 Ne7 16. f3 g5 17. Kf2 Rdg8 18. Rh1 Kd7 19. Rag1 Ke6 20. h4 b5
21. Rh2 Rg6 22. d4 a5 23. c3 Kd6 24. hxg5 fxg5 25. Rgh1 Rgh6 26. Ng4 R6h7 27.
Nf6 Rf7 28. Rxh5 Rxh5 29. Rxh5 Ke6 30. Nh7 g4 31. Ng5+ 1-0

[Event "C.I.S. serie A2 girone 3"]
[Site "?"]
[Date "2019.03.16"]
[Round "2.4"]
[White "Biasizzo, Maurizio"]
[Black "Turrin, Osvaldo"]
[Result "1-0"]
[WhiteElo "1937"]
[BlackElo "1996"]
[PlyCount "39"]
[EventDate "2019.??.??"]
[WhiteTeam "DLF Udine A"]
[BlackTeam "Maniago 1"]

1. Nf3 Nf6 2. c4 e6 3. g3 b6 4. Bg2 Bb7 5. O-O Be7 6. Nc3 O-O 7. Re1 d5 8. cxd5
exd5 9. d4 Nbd7 10. Bf4 Nh5 11. Qb3 Nxf4 12. gxf4 Nf6 13. Ne5 Ne4 14. Nxe4 dxe4
15. Rac1 c5 16. dxc5 Bxc5 17. Rxc5 bxc5 18. Qxb7 Qd2 19. Rf1 f5 20. Qb3+ 1-0

[Event "C.I.S. serie A2 girone 3"]
[Site "?"]
[Date "2019.03.16"]
[Round "3.1"]
[White "De Poi, Paolo"]
[Black "Paler, Adrian"]
[Result "1/2-1/2"]
[WhiteElo "2172"]
[BlackElo "2162"]
[PlyCount "41"]
[EventDate "2019.??.??"]
[WhiteTeam "DLF Udine A"]
[BlackTeam "DLF Verona"]

1. e4 c5 2. Nf3 d6 3. Bb5+ Nd7 4. O-O a6 5. Bxd7+ Bxd7 6. Re1 e5 7. c4 Nf6 8.
d3 Be7 9. Bg5 h6 10. Bxf6 Bxf6 11. Nc3 g6 12. Nd5 Bg7 13. Qb3 b5 14. a3 O-O 15.
Nd2 Bc6 16. h3 Kh7 17. Qc2 Rc8 18. Rf1 Qh4 19. Nf3 Qd8 20. Nd2 Qh4 21. Nf3
1/2-1/2

[Event "C.I.S. serie A2 girone 3"]
[Site "?"]
[Date "2019.03.16"]
[Round "3.2"]
[White "Zanchetta, Nicola"]
[Black "Tonon, Alessandro"]
[Result "0-1"]
[WhiteElo "2042"]
[BlackElo "2174"]
[PlyCount "112"]
[EventDate "2019.??.??"]
[WhiteTeam "DLF Verona"]
[BlackTeam "DLF Udine A"]

1. e4 c5 2. Nf3 e6 3. d3 Nc6 4. c3 d5 5. Nbd2 g6 6. Be2 Bg7 7. Nb3 b6 8. O-O
Nf6 9. e5 Nd7 10. Bg5 f6 11. exf6 Nxf6 12. d4 c4 13. Ne5 Bd7 14. Nd2 Qc7 15.
Bxf6 Bxf6 16. Nxd7 Qxd7 17. Bg4 O-O 18. Re1 Rae8 19. Re2 Qd6 20. Bf3 b5 21. Nf1
Bg5 22. Ne3 Kg7 23. Ng4 Bf4 24. h3 h5 25. Ne3 Re7 26. b3 Ref7 27. bxc4 bxc4 28.
Nf1 Bg5 29. Rb1 Re7 30. Reb2 Qa3 31. Qc2 Rff7 32. Bd1 Qd6 33. g3 h4 34. Kg2
hxg3 35. fxg3 e5 36. h4 Bh6 37. h5 exd4 38. Qxg6+ Qxg6 39. hxg6 Kxg6 40. Ba4
dxc3 41. Rc2 Nd4 42. Rxc3 Re2+ 43. Kg1 Rxa2 44. Bd1 Raf2 45. Nh2 Ne2+ 46. Bxe2
Rxe2 47. Rd1 Be3+ 48. Rxe3 Rxe3 49. Rxd5 Rxg3+ 50. Kh1 c3 51. Rc5 Rd7 52. Nf1
Rh7+ 53. Nh2 Rgh3 54. Rc6+ Kf5 55. Rc5+ Ke4 56. Kg1 Kd4 0-1

[Event "C.I.S. serie A2 girone 3"]
[Site "?"]
[Date "2019.03.16"]
[Round "3.3"]
[White "Rossi, Paolo"]
[Black "Scotti, Mirko"]
[Result "1-0"]
[WhiteElo "1982"]
[BlackElo "2001"]
[PlyCount "105"]
[EventDate "2019.??.??"]
[WhiteTeam "DLF Udine A"]
[BlackTeam "DLF Verona"]

1. e4 c6 2. d4 d5 3. exd5 cxd5 4. c4 Nf6 5. Nc3 Nc6 6. Bg5 dxc4 7. Bxc4 a6 8.
Nge2 e6 9. O-O Be7 10. Rc1 O-O 11. a3 b5 12. Bd3 Bb7 13. Bb1 b4 14. Qd3 g6 15.
axb4 Nxb4 16. Qh3 Nbd5 17. Ng3 Rc8 18. Qh4 Re8 19. Rfe1 Nxc3 20. bxc3 Nd5 21.
Bxe7 Qxe7 22. Qxe7 Rxe7 23. Ne4 Rc4 24. Bd3 Ra4 25. Nc5 Ra3 26. Be4 Bc6 27. c4
Nb4 28. Bxc6 Nxc6 29. d5 Ra5 30. d6 Ra7 31. Nb3 Ra3 32. Re3 Kf8 33. Kf1 Ke8 34.
Rd1 Ra2 35. Rc3 a5 36. c5 a4 37. Nd4 Kd7 38. Rf3 f5 39. Rfd3 Ra6 40. Nb5 Rb2
41. Na3 Rb4 42. Rc3 Na5 43. Ke2 Rc6 44. Ke3 Nb3 45. Nc2 Rb5 46. Nd4 Nxd4 47.
Kxd4 Rb4+ 48. Rc4 Rxc4+ 49. Kxc4 Ra6 50. Kb5 Ra8 51. c6+ Kd8 52. c7+ Kd7 53.
Kb6 1-0